Normal view
MARC view
- Weyer, Robert Van De
Entry Personal Name
001 - CONTROL NUMBER
- control field: 14751
003 - CONTROL NUMBER IDENTIFIER
- control field: NUST
005 - DATE AND TIME OF LATEST TRANSACTION
- control field: 20190612074719.0
008 - FIXED-LENGTH DATA ELEMENTS
- fixed length control field: 190612|| aca||aabn | a|a d
040 ## - CATALOGING SOURCE
- Original cataloging agency: NUST
- Transcribing agency: NUST
100 ## - HEADING--PERSONAL NAME
- Personal name: Weyer, Robert Van De
670 ## - SOURCE DATA FOUND
- Source citation: Work cat.: (NUST): Weyer, Robert Van De, Yuodiyaat : Tareekh, Haqahad, Faslafa /, 2006.
